000 00597nam a22001937a 4500
999 _c1746
_d1746
003 URS
005 20220114141841.0
008 200211s2008 ph a|||| |||| 00| 0 eng d
020 _a9789718171387
040 _cURS
_beng
_drda
050 1 4 _aP 95
_b.C1174-2008
100 1 _aCabrera, Lucila D.M
245 1 0 _aEffective speech communication for filipinos
_cLucila del Mundo Cabrera, Belen Z. de Asis
260 _aManila:
_bBooklore Publishing Corporation,
_c[2008]
300 _a244p pages
_bwith illustration
_c22 cm
650 _aSpeech communication
700 _aDe Asis, Belen
942 _cF
_2lcc